Southville International School and Colleges
Your cart is empty.
  • Cart
  • Lists
    Public lists Eva Luna New books Lux_list list_1
    Your lists Log in to create your own lists
  • Log in to your account
  • Your cookies
  • Search history
Southville International School and Colleges
  • Advanced search
  • Recent comments
  • Most popular
  • Libraries

Log in to your account

Log in with GOOGLE


If you do not have an external account, but do have a local account, you can still log in:

  1. Home
  2. MARC view: Owen /
Normal view MARC view ISBD view

Owen / (Record no. 111721)

[ view plain ]
MARC details
000 -LEADER
fixed length control field 00723nam a2200205 a 4500
001 - CONTROL NUMBER
control field 2598
005 - DATE AND TIME OF LATEST TRANSACTION
control field 20140414131920.0
008 - FIXED-LENGTH DATA ELEMENTS--GENERAL INFORMATION
fixed length control field 050607s19uu xx 00 eng d
020 ## - INTERNATIONAL STANDARD BOOK NUMBER
International Standard Book Number 0-688-11449-0
050 ## - LIBRARY OF CONGRESS CALL NUMBER
Classification number ER
Item number Ow2 1993
100 ## - MAIN ENTRY--PERSONAL NAME
Personal name Henkes, Kevin
245 ## - TITLE STATEMENT
Title Owen /
Statement of responsibility, etc Kevin Henkes.
260 ## - PUBLICATION, DISTRIBUTION, ETC. (IMPRINT)
Place of publication, distribution, etc New York :
Name of publisher, distributor, etc Greenwillo Books,
Date of publication, distribution, etc 1993.
300 ## - PHYSICAL DESCRIPTION
Extent 1 v. p. : ill. ; cm.
440 ## - SERIES STATEMENT/ADDED ENTRY--TITLE
Title Weekly Reader Children's Book Club presents
520 ## - SUMMARY, ETC.
Summary, etc Owen's parents try to get him to give up his favorite blanket before she starts school, but when their efforts fail, they come up with a solution that makes everyone happy.
650 ## - SUBJECT ADDED ENTRY--TOPICAL TERM
Topical term or geographic name as entry element Blankets
General subdivision Fiction.
650 ## - SUBJECT ADDED ENTRY--TOPICAL TERM
Topical term or geographic name as entry element Parent and child
General subdivision Fiction.
Holdings
Withdrawn status Lost status Damaged status Use restrictions Home library Current library Shelving location Date acquired Source of acquisition Total Checkouts Full call number Barcode Date last seen Price effective from Koha item type
        Munich Library Munich Library Easy Reading Section 06/07/2005     ER Ow2 1993 M2595 04/14/2014 04/14/2014 Books

Owen /

APA

Henkes K., . (1993). Owen. New York: Greenwillo Books.

Chicago

Henkes Kevin, . 1993. Owen. New York: Greenwillo Books.

Harvard

Henkes K., . (1993). Owen. New York: Greenwillo Books.

MLA

Henkes Kevin, . Owen. New York: Greenwillo Books. 1993.

  • Place hold
  • Print
  • Cite
  • Add to your cart (remove)
  • Save record
    BIBTEX Dublin Core MARCXML MARC (non-Unicode/MARC-8) MARC (Unicode/UTF-8) MARC (Unicode/UTF-8, Standard) MODS (XML) RIS
  • More searches
    Search for this title in:
    Other Libraries (WorldCat) Other Databases (Google Scholar) Online Stores (Bookfinder.com) Open Library (openlibrary.org)

Exporting to Dublin Core...

SOUTHVILLE LIBRARY

Southville International School and Colleges Library

1281 Tropical Ave. Cor. Luxembourg St., BF Homes International, Las Pinas City

Tel. No. 8256374 / 252358 Loc. 117/146

Powered by Koha